书目信息 |
| 题名: |
电力安全工器具智能化技术
|
|
| 作者: | 常政威 , 邓元实 , 陈明举 , 杨琳 著 | |
| 分册: | ||
| 出版信息: | 北京 中国电力出版社 2025.03 |
|
| 页数: | 170页 | |
| 开本: | 24cm | |
| 丛书名: | ||
| 单 册: | ||
| 中图分类: | TM08 | |
| 科图分类: | ||
| 主题词: | 电力工业--dian li gong ye--安全设备 | |
| 电子资源: | ||
| ISBN: | 978-7-5198-9692-8 | |
| 000 | 01367nam0 2200301 450 | |
| 001 | 97805 | |
| 005 | 20250920082652.52 | |
| 010 | @a978-7-5198-9692-8@dCNY69.00 | |
| 100 | @a20250429d2025 em y0chiy50 ea | |
| 101 | 0 | @achi |
| 102 | @aCN@b110000 | |
| 105 | @aa a 000yy | |
| 106 | @ar | |
| 106 | @ar | |
| 200 | 1 | @a电力安全工器具智能化技术@Adian li an quan gong qi ju zhi neng hua ji shu@f常政威 ... [等] 著 |
| 210 | @a北京@c中国电力出版社@d2025.03 | |
| 215 | @a170页@c图 (部分彩图)@d24cm | |
| 304 | @a题名页题其余责任者: 邓元实, 陈明举, 杨琳 | |
| 320 | @a有书目 (第163-170页) | |
| 330 | @a本书针对智能安全工器具数据通信、电子标签交互、数字化功能检测和评价标准等研究的不足, 围绕典型安全工器具预防性试验电场分析、电子标签空间防碰撞算法、近电检测、定位基准等基础问题开展理论研究。研究典型安全工器具电子标签最优黏贴/植入方式、电子标签检测评价标准 ; 明确智能安全工器具标签识别准确度、数据接入检测、定位精度检测、通信能耗检测、近电感应检测等数字化功能检测方法 ; 研制10kV智能安全工器具数字化功能检测平台, 为规范智能安全工器具数字化功能检测提供解决方案。 | |
| 606 | 0 | @a电力工业@Adian li gong ye@x安全设备 |
| 690 | @aTM08@v5 | |
| 701 | 0 | @a常政威@Achang zheng wei@4著 |
| 701 | 0 | @a邓元实@Adeng yuan shi@4著 |
| 701 | 0 | @a陈明举@Achen ming ju@4著 |
| 701 | 0 | @a杨琳@Ayang lin@4著 |
| 801 | 0 | @aCN@c20250909 |
| 905 | @a河南城建学院图书馆@dTM08@eC303@f1 | |
| 电力安全工器具智能化技术/常政威 ... [等] 著.-北京:中国电力出版社,2025.03 |
| 170页:图 (部分彩图);24cm |
| ISBN 978-7-5198-9692-8:CNY69.00 |
| 本书针对智能安全工器具数据通信、电子标签交互、数字化功能检测和评价标准等研究的不足, 围绕典型安全工器具预防性试验电场分析、电子标签空间防碰撞算法、近电检测、定位基准等基础问题开展理论研究。研究典型安全工器具电子标签最优黏贴/植入方式、电子标签检测评价标准 ; 明确智能安全工器具标签识别准确度、数据接入检测、定位精度检测、通信能耗检测、近电感应检测等数字化功能检测方法 ; 研制10kV智能安全工器具数字化功能检测平台, 为规范智能安全工器具数字化功能检测提供解决方案。 |
| ● |
| 相关链接 |
|
|
|
正题名:电力安全工器具智能化技术
索取号:TM08/C303
 
预约/预借
| 序号 | 登录号 | 条形码 | 馆藏地/架位号 | 状态 | 备注 |
| 1 | 1638851 | 216388512 | 自科库301/301自科库 6排1列2层/ [索取号:TM08/C303] | 在馆 |